000 00376nam a22001577a 4500
008 150601b xxu||||| |||| 00| 0 eng d
020 _a0517548232
041 0 _aeng
080 _a33
100 1 _aHazlitt, Henry,
245 1 0 _aEconomics in one lesson /
_cHenry Hazlitt.
300 _a218 f. ;
_c23 cm.
505 _aIndex: f.215-218
650 _aEkonomiks
942 _2udc
_cBK
999 _c939
_d939